| 000 | 00935nam a2200193Ii 4500 | ||
|---|---|---|---|
| 003 | JO-AjNU | ||
| 008 | 230605s9999||||xx |||||||||||||| ||und|| | ||
| 040 |
_aJO-AjNU _bara _erda _cJO-AjNU |
||
| 041 | _aara | ||
| 050 | 1 | 4 | _aP92.A7.M68 2013 |
| 100 | 3 |
_aجامعة فيلادافيا، أبو أصبع، صالح محرر ومقدم، عبد الخالق، غسان إسماعيل محرر ومقدم, _eauthor _945978 |
|
| 245 | 0 | 0 | _aوسائل الإتصال وثقافة التغيير: أوراق مؤتمر فيلادلفيا الدولي السابع عشر 6 - 8 تشرين الثاني( نوفمبر) 2012 بحوث علمية محكمة |
| 264 | 3 | 1 | _aعمان: جامعة فيلادلفيا، 2013 |
| 300 | _a396ص | ||
| 336 |
_atext _btxt _2rdacontent |
||
| 337 |
_aunmediated _bn _2rdamedia |
||
| 338 |
_avolume _bnc _2rdacarrier |
||
| 650 | 4 |
_aوسائل الإتصال وثقافة التغيير - مؤتمرات _945979 |
|
| 999 |
_aA19970 _c23538 _d23538 |
||